Konzervy chcú inšpirovať

Ochorenie covid-19 ukázalo, aké dôležité sú pre spotrebiteľov konzervy. Najmä v prvých dňoch ľudia podnikali nájazdy do obchodov a nakúpili zásoby na mesiace dopredu. Konzervované a sterilizované potraviny sú totiž spoľahlivou voľbou pre prípad núdze a vôbec nezáleží na tom, či ide o pandémiu, rýchl...

Description complète

Enregistré dans:
Détails bibliographiques
Auteur principal: Kapitán, Peter
Format: Chapitre de livre
Langue:slovaque
Sujets:
Tags: Ajouter un tag
Pas de tags, Soyez le premier à ajouter un tag!

MARC

LEADER 00000naa a2200000 4500
001 0294271
005 20240417075239.9
041 0 |a slo 
044 |a CZ 
245 1 0 |a Konzervy chcú inšpirovať  |c Peter Kapitán 
520 |a Ochorenie covid-19 ukázalo, aké dôležité sú pre spotrebiteľov konzervy. Najmä v prvých dňoch ľudia podnikali nájazdy do obchodov a nakúpili zásoby na mesiace dopredu. Konzervované a sterilizované potraviny sú totiž spoľahlivou voľbou pre prípad núdze a vôbec nezáleží na tom, či ide o pandémiu, rýchly obed počas pracovného dňa alebo náhly večerný hlad. Aj keď pandémia odznela a spotrebitelia sa pomaly vracajú do normálu, sterilizované a konzervované potraviny majú v košíkoch aj naďalej nezastupiteľné miesto. 
610 2 0 |a konzervovanie potravín 
610 2 0 |a potravinárstvo 
610 2 0 |a spotreba potravín 
610 2 0 |a dopyt spotrebiteľský 
100 1 |a Kapitán, Peter